Music Quiz

Random Music or Clip Quiz

Royal Songs (clips) Quiz Stats

 Plays Quiz not verified by Sporcle

Challenge
Share
Tweet
Score 0/30 Timer 13:00
0 Plays Today
Time Song % Correct
01:21 - 01:26Billie Jean
92.1%
01:54 - 02:00Royals
87.2%
02:11 - 02:18American Pie
86.7%
01:27 - 01:34We Didn't Start the Fire
83.4%
03:52 - 03:59Seven Nation Army
82.9%
01:01 - 01:06The Real Slim Shady
77.4%
02:01 - 02:10She Will Be Loved
75.9%
00:34 - 00:42The Bad Touch
64.3%
03:15 - 03:25Blank Space
64.2%
00:09 - 00:19Kokomo
63.5%
04:09 - 04:15Fat
61%
03:06 - 03:14Spice Up Your Life
52.3%
02:19 - 02:27Supermassive Black Hole
46.9%
03:45 - 03:51Wild Thing
37.8%
00:43 - 00:51All the Young Dudes
33.9%
Time Song % Correct
02:28 - 02:36I Know You Want Me (Calle Ocho)
32.3%
00:20 - 00:25Iko Iko
30.8%
01:14 - 01:20I Am the Very Model of a Modern Major General
24.7%
04:00 - 04:08Candy
24.7%
00:52 - 01:00I've Never Been to Me
22.7%
01:35 - 01:42Read My Mind
22.4%
00:00 - 00:08Killer
21.5%
02:37 - 02:44Ca Plane Pour Moi
21%
03:37 - 03:44Pass Out
20.8%
02:45 - 02:56Mistletoe & Wine
20.6%
01:07 - 01:13Ready or Not
19.9%
01:43 - 01:53Spring Break Anthem
7.7%
00:26 - 00:33E=MC²
6.8%
02:57 - 03:05Promised You a Miracle
6.8%
03:26 - 03:36Reward
6.6%

You're not logged in!

Compare scores with friends on all Sporcle quizzes.
OR
Log In

You Might Also Like...

Show Comments

Extras

Top Quizzes Today


Score Distribution

Your Account Isn't Verified!

In order to create a playlist on Sporcle, you need to verify the email address you used during registration. Go to your Sporcle Settings to finish the process.

Report this User

Report this user for behavior that violates our Community Guidelines.

Details: